Thomas and Friends - Season 8 Episodes - Statistics

General Stats
  • This quiz has been taken 54 times
  • The average score is 10 of 26
Answer Stats
Episode # Episode Title % Correct
1 Thomas and the Tuba
67%
25 Too Hot for Thomas
67%
24 Chickens to School
50%
14 Edward the Great
50%
20 Emily's Adventure
50%
19 Fish
50%
21 Halloween
50%
4 Henry and the Wishing Tree
50%
26 Percy and the Magic Carpet
50%
22 You Can Do It, Toby!
50%
18 As Good as Gordon
33%
9 Don't Tell Thomas
33%
10 Emily's New Route
33%
12 Gordon Takes Charge
33%
23 James Goes Too Far
33%
7 Percy's Big Mistake
33%
13 Spic and Span
33%
15 Squeak, Rattle and Roll
33%
16 Thomas and the Circus
33%
6 Thomas Saves the Day
33%
5 James Gets a New Coat
17%
2 Percy's New Whistle
17%
11 Thomas and the Firework Display
17%
8 Thomas, Emily and the Snowplough
17%
17 Thomas Gets It Right
17%
3 Thomas to the Rescue
17%
No matching quizzes found
Score Distribution
Percent of People with Each Score
Percentile by Number Answered
Your Score History
You have not taken this quiz